Global Business regulation (Record no. 9341)

MARC details
000 -LEADER
fixed length control field 00573nam a22002057a 4500
003 - CONTROL NUMBER IDENTIFIER
control field OSt
005 - DATE AND TIME OF LATEST TRANSACTION
control field 20240829100233.0
008 - FIXED-LENGTH DATA ELEMENTS--GENERAL INFORMATION
fixed length control field 240829b |||||||| |||| 00| 0 eng d
020 ## - INTERNATIONAL STANDARD BOOK NUMBER
International Standard Book Number 0521784999
040 ## - CATALOGING SOURCE
Transcribing agency MUST
082 ## - DEWEY DECIMAL CLASSIFICATION NUMBER
Edition number 22
Classification number 381.34 BRA 2000
100 ## - MAIN ENTRY--PERSONAL NAME
Personal name Braithwaite, John
9 (RLIN) 19086
245 ## - TITLE STATEMENT
Title Global Business regulation
Statement of responsibility, etc. John Braithwaite
260 ## - PUBLICATION, DISTRIBUTION, ETC. (IMPRINT)
Place of publication, distribution, etc. Australia:
Name of publisher, distributor, etc. Cambridge,
Date of publication, distribution, etc. 2000
300 ## - PHYSICAL DESCRIPTION
Extent xvii, 704p.
Other physical details ill.
Dimensions 25cm
504 ## - BIBLIOGRAPHY, ETC. NOTE
Bibliography, etc Bibliography and indexes included
650 ## - SUBJECT ADDED ENTRY--TOPICAL TERM
Source of heading or term Foreign Trade regulation
700 ## - ADDED ENTRY--PERSONAL NAME
Relator code Drahos, Peter
942 ## - ADDED ENTRY ELEMENTS (KOHA)
Source of classification or shelving scheme Dewey Decimal Classification
Koha item type Open Shelf
Holdings
Withdrawn status Lost status Source of classification or shelving scheme Damaged status Not for loan Home library Current library Date acquired Source of acquisition Inventory number Total Checkouts Full call number Barcode Date last seen Price effective from Koha item type
    Dewey Decimal Classification     MUST Main Library MUST Main Library 29/08/2024 Donation 02/17691   381.34 BRA 2000 2024-22293 29/08/2024 29/08/2024 Open Shelf